| 000 | 00435nam a2200157Ia 4500 | ||
|---|---|---|---|
| 999 |
_c11319 _d11319 |
||
| 082 | _aTC.0041 | ||
| 100 | _aChoudhary, Ram Krishan | ||
| 245 | 0 | _aCaste and power structure: a study of a Haryana village | |
| 260 |
_c1986 _bHari Singh Gaur Vishwavidyalaya |
||
| 300 |
_a275 _eC D - 34 |
||
| 650 |
_aVillages _zIndia _zHaryana |
||
| 650 |
_aCaste _zIndia _zHaryana |
||
| 650 | _aJatwar village | ||
| 710 | _aDube, S.C. | ||
| 942 |
_cTH _2ddc |
||